Pokemon Wortgemisch Gen. 1 - Statistiken

Allgemein
  • Dieses Quiz wurde 92 mal gespielt
  • Das Durchschnittsergebnis liegt bei 7 aus 15
Antwortstatistiken
Wortgemisch Lösung % Korrekt
gidda Digda
100%
nonsafek Knofensa
72%
veiol Evoli
59%
kitiab Ibitak
59%
zosreir Rizeros
51%
kringel Kingler
48%
leikkce Kicklee
45%
dongikni Nidoking
44%
vaasdol Lavados
41%
guatoab Tauboga
40%
kaufon Fukano
36%
huacir Raichu
33%
grinroad Dragonir
32%
cholkisl Schillok
24%
leingomat Magnetilo
20%
Keine übereinstimmenden Quizze gefunden
Verteilung der Resultate
Anzahl Personen mit jedem Resultat
Perzentil nach korrekt beantworteten Fragen
Ihre Resultats-Entwicklung
Sie haben dieses Quiz noch nicht gespielt